july - Lyn Lapid (All Lyrics) - Statistics

General Stats
  • This quiz has been taken 16 times
  • The average score is 216 of 305
Answer Stats
Hint Answer % Correct
a
100%
and
100%
Pre-Chorus And
100%
but
100%
But
100%
deep
100%
Dive
100%
I
100%
in
100%
"in
100%
into
100%
like
100%
me
100%
my
100%
the
100%
The
100%
to
100%
we
100%
We
100%
again
75%
back
75%
Bad
75%
beer
75%
belong
75%
both
75%
Chorus Close
75%
come
75%
could
75%
cups
75%
daring
75%
end
75%
eyes
75%
fingers
75%
for
75%
hell
75%
Bridge Hold
75%
horizon
75%
ignore
75%
inside
75%
it
75%
jokes
75%
July
75%
kids
75%
kind
75%
know
75%
laugh
75%
Laying
75%
leave
75%
little
75%
Little
75%
longer
75%
minute"
75%
Mom
75%
never
75%
nights
75%
now
75%
of
75%
on
75%
say
75%
seventeen
75%
sirens
75%
slip
75%
slipping
75%
So
75%
Solo
75%
summer
75%
sun
75%
that
75%
them
75%
Those
75%
through
75%
time
75%
was
75%
Watch
75%
we're
75%
wish
75%
you
75%
your
75%
You're
75%
dying
50%
from
50%
go
50%
left
50%
linger
50%
Verse Meeting
50%
pull
50%
put
50%
Reaching
50%
says
50%
tide
50%
under
50%
unless
50%
up
50%
up?
50%
us
50%
What's
50%
will
50%
won't
50%
all
25%
Pre-Chorus All
25%
apart
25%
been
25%
boy
25%
breath
25%
broken
25%
'Cause
25%
counting
25%
deepest
25%
Fatal
25%
first
25%
flaw
25%
grew
25%
heard
25%
holding
25%
how
25%
I'm
25%
late
25%
leaving
25%
Let
25%
love
25%
miles
25%
missing
25%
Verse Moving
25%
much
25%
nice
25%
our
25%
out
25%
recently
25%
secrets
25%
sick
25%
takes
25%
this
25%
tight
25%
town
25%
wasn't
25%
With
25%
with
25%
you'd
25%
No matching quizzes found
Score Distribution
Percent of People with Each Score
Percentile by Number Answered
Your Score History
You have not taken this quiz